Państwa Europy po angielsku - Statystyki

Ogólne statystyki
  • Ten quiz został rozwiązany 2 244 razy
  • Średni wynik to 33 z 45
Statystyki odpowiedzi
Polski Angielski % Poprawnych
Polska Poland
95%
Francja France
94%
Hiszpania Spain
93%
Włochy Italy
92%
Portugalia Portugal
91%
Finlandia Finland
89%
Niemcy Germany
89%
Andora Andora
87%
Malta Malta
87%
Norwegia Norway
87%
Rosja Russia
87%
San marino San marino
87%
Belgia Belgium
84%
Szwecja Sweden
83%
Ukraina Ukraine
82%
Liechtenstein Liechtenstein
80%
Austria Austria
79%
Dania Denmark
79%
Monako Monaco
76%
Grecja Greece
75%
Islandia Iceland
74%
Albania Albania
72%
Estonia Estonia
72%
Serbia Serbia
72%
Węgry Hungary
71%
Słowacja Slovakia
70%
Czechy Czech republic/Czechia
69%
Słowenia Slovenia
69%
Holandia Netherlands/the netherlands
67%
Białoruś Belarus
66%
Luksemburg Luxembourg
66%
ZjednoczoneKrólestwo United kingdom/great britain
66%
Chorwacja Croatia
65%
Szwajcaria Switzerland
64%
Watykan Vatican
63%
Bułgaria Bulgaria
62%
Irlandia Ireland
61%
Kosowo Kosovo
61%
Rumunia Romania
60%
Litwa Lithuania
57%
Macedonia Północna NorthMacedonia
54%
Łotwa Latvia
53%
Czarnogóra Montenegro
49%
Mołdawia Moldova
47%
Bośnia i Hercegowina Bosnia and Herzegovina
32%
Nie znaleziono quizów pasujących do podanych kryteriów
Rozkład punktacji
Procent ludzi z każdym wynikiem
Percentyl według liczby udzielonych odpowiedzi
Twoja historia wyników
Nie rozwiązałeś tego quizu